| 000 | 01112cam a22003375a 4500 | ||
|---|---|---|---|
| 001 | 016601884 | ||
| 003 | OSt | ||
| 005 | 20161010153034.0 | ||
| 008 | 150128t2014 enka frbd 001 0 eng d | ||
| 020 | _a9781292041063 (paperback) | ||
| 020 | _a1292041064 | ||
| 040 |
_aStDuBDS _beng _cStDuBDS _dUk _dEG-ScBUE |
||
| 082 | 0 | 4 |
_a305.231 _bHOY _222 |
| 100 | 1 |
_aHoy, Anita Woolfolk, _d1947- _941417 |
|
| 245 | 1 | 0 |
_aChild and adolescent development / _cAnita Woolfolk, Nancy E. Perry. |
| 250 | _aPearson new international ed. | ||
| 260 |
_aHarlow : _bPearson Education, _cc.2014. |
||
| 300 |
_aii, 520 p. : _bill. (black and white, and colour) ; _c28 cm. |
||
| 490 | 0 | _aPearson custom library | |
| 500 | _aPrevious edition : 2012. | ||
| 500 | _aIncludes glossary. | ||
| 504 | _aIncludes bibliographical references and index. | ||
| 650 | 0 |
_aChild development. _2BUEsh |
|
| 650 | 0 |
_aYouth development. _2BUEsh |
|
| 650 | 0 |
_aAdolescence. _2BUEsh |
|
| 651 | _2BUEsh | ||
| 653 |
_cOctober2016 _bHHUUPPSS |
||
| 655 |
_vText book _933728 |
||
| 700 | 1 |
_aPerry, Nancy E. _q(Nancy Ellen), _d1962- _941418 |
|
| 942 | _2ddc | ||
| 999 |
_c22500 _d22472 |
||